000 00886pam a2200253 a 4500
001 3996852
005 20230731141551.0
008 960520s1997 ilua 001 0 eng
010 _a 96009100
020 _a0844230030 (alk. paper)
040 _aDLC
_cDLC
_dDLC
050 0 0 _aHF 5415.126S757 1997
082 0 0 _a658.8/4
_220
100 1 _aStone, Bob,
_d1918-2007.
245 1 0 _aSuccessful direct marketing methods /
_cBob Stone.
250 _a6th ed.
260 _aLincolnwood, Ill. :
_bNTC Business Books,
_cc1997.
300 _axiv, 545 p. :
_bill. ;
_c24 cm.
500 _aIncludes index.
650 0 _aDirect marketing.
906 _a7
_bcbc
_corignew
_d1
_eocip
_f19
_gy-gencatlg
942 _2lcc
_cBOOKS
_hHF 5415.126S757 1997
999 _c31804
_d31804